Stranger Things characters - Statistiques

Statistiques générales
  • Ce quiz a été pris 155 fois
  • Le résultat moyen est 19 sur 51
Statistiques - réponses
Hint Réponse % Correct
A police officer Jim Hopper
95%
She has lost her son during season 1 Joyce Byers
87%
He has a big sister and a little sister Mike Wheeler
83%
He was missing in season 1 Will Byers
74%
She lost her bestfriend Nancy Wheeler
71%
He was victim of racism Lucas Sinclair
70%
He has a little brother Jonathan Byers
69%
He had no teeth Dustin Henderson
66%
He has no luck with love Steve Harrington
64%
She flirted with a teenager Karen Wheeler
60%
The vilain of the series Vecna
57%
She's the new player in Hellfire Club Erica Sinclair
54%
Monster of season 1 Demogorgon
53%
He makes pizzas Argyle
50%
He's the leader of Hellfire club Eddie Munson
50%
She has a half brother Maxine Mayfield
47%
He lost his mom when he was young Billy Hargrove
45%
She's the youngest Wheeler Holly Wheeler
45%
He died in an amusement park Alexei
43%
He died in season 2 Bob Newby
42%
He used someone for their power Martin Brenner
41%
A monster of the upside down that was adopted Dart
40%
She also was a lab experience Kali
40%
She appeared in season 3 Robin Buckley
38%
He can speak Russian Murray Bauman
37%
She's a bully in season 4 Angela
32%
She has superpower Eleven Hopper
30%
He worked in Hawkins Laboratory Sam Owens
30%
He's a teacher Scott Clark
30%
A nice russian Enzo
29%
She plays in Hawkins fanfare Vickie
29%
She died in season 1 Barbara Holland
27%
He helps his ex wife for money Lonnie Byers
23%
He doesn't really care about his family Ted Wheeler
23%
She's sick forever Terry Ives
21%
She's an old woman in season 3 Doris Driscoll
19%
She's a single mother Claudia Henderson
16%
He's a russian in season 3 Grigori
15%
She got possessed Heather Holloway
15%
She sings before a basketball play Tammy Thompson
13%
He plays basketball Jason Carver
11%
His daughter got possessed Tom Holloway
11%
A basketball player who died in season 4 Patrick McKinney
10%
She became alcoholic in season 4 Susan Hargrove
10%
His nephew died in season 4 Wayne Munson
9%
He also is a police officer Calvin Powell
8%
She's a bully in season 1 Carol Perkins
8%
He's a crazy russian Yuri Ismaylov
8%
He's a bully in season 1 Tommy Hagan
7%
He's a police officer Phil Callahan
6%
She worked for Hawkins laboratory Connie Frazier
5%
Aucun quiz correspondant
Distribution des résultats
% des personnes avec chaque résultat
Percentile par nombre de réponses
Votre historique - résultats
Vous n’avez pas pris ce quiz